LEADER 01410nam a2200325 a 4500 001 000000170878 003 CaOOAMICUS 005 20181130125758.0 008 181130s2000 it u000 u ita r 020 $a88-420-6125-5* 032 $aLibriCat 040 $aPUL$bita 082 04$a006.3 100 1 $aCastelfranchi, Yurij.$0(OLS)http://pul/name/109894 245 10$aMacchine come noi : $bla scommessa dell'intelligenza artificiale / $cYurij Castelfranchi, Oliviero Stock . 260 $aBari ; Roma :$bGius. Laterza & figli,$c©2000. 300 $a117 p. ;$c21 cm. 490 1 $aEconomica Laterza ;$v288 504 $aBibliografia nelle note finali. 650 4$aIntelligenza artificiale.$0(OLS)http://pul/subject/22435 700 1 $aStock, Oliviero.$0(OLS)http://pul/name/109895 830 0$aEconomica Laterza ;$v288.$0(OLS)http://pul/title/39309 850 $aPUL 852 $aPUL$W1$xDP2 Cons. Gen., Altre Classi 3$y97$m006. 3 CASYO 1$j194103$qDDC 21$B199396$CPULBib$Z2$F199396 $H131801 $81 941 1 $a9 996 $6020$a88-420-6125-5*$9(OLS)http://pul/number/165446 996 $6082$a006.3$9(OLS)http://pul/classification/2488 996 $6245$aMacchine come noi : $bla scommessa dell'intelligenza artificiale / $9(OLS)http://pul/title/211721 996 $6260$aBari ; Roma :$bGius. Laterza & figli$9(OLS)http://pul/publisher/81307 LEADER 01404nam a2200325 a 4500 001 000000176451 003 CaOOAMICUS 005 20240112113152.0 008 240112s2020 it u000 u ita r 020 $a978-88-922-2166-6* 032 $aLibriCat 040 $aPUL$bita 100 0 $aPaulus PP.$bVI,$cs.,$d1897-1978.$0(OLS)http://pul/name/1432 245 02$aL'amore per la parola di Dio /$cPaolo VI ; a cura di Leonardo Sapienza. 260 $aCinisello Balsamo :$bSan Paolo,$c2020. 300 $a141 p. ;$b$c24 cm 504 $aComprende indicazioni bibliografiche. 650 04$aPaulus PP.$bVI, s.,$d1897-1978$xSpiritualità.$0(OLS)http://pul/subject/46741 700 1 $aSapienza, Leonardo,$cR.C.I.,$d1952-$0(OLS)http://pul/name/68496 850 $aPUL 852 $aPUL$W1$xSL Religione 3$y85$m282. 092 PAOLO6 9$j200511$qDDC 21$B205394$CPULBib$Z2$F205394 $H136638 $82 900 $aMontini, Giovanni Battista,$cs.,$d1897-1978$91432 900 $aPaolo$bVI,$cpapa, b.,$d1897-1978$91432 910 $aPapi (1963-1978 : Paulus PP. VI)$91432 910 $aPapi (1963-1978 : Paulus PP. VI)$91432 941 1 $a9 996 $6020$a978-88-922-2166-6*$9(OLS)http://pul/number/169495 996 $6245$aL'amore per la parola di Dio$9(OLS)http://pul/title/217943 996 $6260$aCinisello Balsamo :$bSan Paolo$9(OLS)http://pul/publisher/54577